|
000
|
01006nam0 2200253 450
|
|
001
|
012021001162
|
|
005
|
20210421170410.7
|
|
010
|
|
@a978-7-221-15212-1@dCNY48.00
|
|
100
|
|
@a20190609d2019 em y0chiy50 ea
|
|
101
|
0
|
@achi
|
|
102
|
|
@aCN@b520000
|
|
105
|
|
@ay z 000zy
|
|
106
|
|
@ar
|
|
200
|
1
|
@a民国女子@Amin guo nv zi@e她们谋生亦谋爱@f桑妮著
|
|
210
|
|
@a贵阳@c贵州人民出版社@d2019.5
|
|
215
|
|
@a306页@d21cm
|
|
314
|
|
@a桑妮, 女性传记文学领域知名作者。因热爱那些芳颜傲骨的女子, 一提笔便忍不住向她们的来处追寻。
|
|
330
|
|
@a曾经有那样一群女子, 她们如烟花般绚烂, 却比烟花寂寞三分。她们在女子本就低微的时代, 用独立自强圆满了自己, 滋润了他人。时光翩然而过, 她们仍然在用自己的执着, 为迷茫的你拨开生活的迷雾, 帮你重新找到前行的方向。
|
|
517
|
1
|
@a她们谋生亦谋爱@Ata men mou sheng yi mou ai
|
|
606
|
0
|
@a女性@Anv xing@x名人@x生平事迹@y中国@z民国
|
|
690
|
|
@aK828@v5
|
|
701
|
0
|
@a桑妮@Asang ni@4著
|
|
801
|
0
|
@aCN@bCDNYKJZYXY@c20210421
|
|
905
|
|
@aCDNYKJZYXY@b300615314-6@dK828@e42@f3
|
|
|
|
|
| |
| 民国女子:她们谋生亦谋爱/桑妮著.-贵阳:贵州人民出版社,2019.5 |
| 306页;21cm |
| |
| |
| ISBN 978-7-221-15212-1:CNY48.00 |
| 曾经有那样一群女子, 她们如烟花般绚烂, 却比烟花寂寞三分。她们在女子本就低微的时代, 用独立自强圆满了自己, 滋润了他人。时光翩然而过, 她们仍然在用自己的执着, 为迷茫的你拨开生活的迷雾, 帮你重新找到前行的方向。 |
| ● |
正题名:民国女子
索取号:K828/42
 
预约/预借
| 序号
|
登录号
|
条形码
|
馆藏地/架位号
|
状态
|
备注
|
|
1
|
615314
|
300615314
|
柳城-4楼/49架7列4层/
[索取号:K828/42]
|
在馆
|
|
|
2
|
615315
|
300615315
|
柳城-4楼/49架7列4层/
[索取号:K828/42]
|
在馆
|
|
|
3
|
615316
|
300615316
|
柳城-4楼/49架7列4层/
[索取号:K828/42]
|
在馆
|
|